00681nam a2200217 a 4500008004100000020002200041100002000063245010100083260004100184300004600225504004100271500002000312650001500332650002300347650002500370700002100395700002000416003000100436005001700437040000900454  a189906625X (pbk.)1 aGatling, Wendy.10aShared care for diabetes /cWendy Gatling, Ron Hill, and Michael Kirby ; foreword by Harry Keen. aOxford :bIsis Medical Media,c1997. avii, 280 p. :bill. (some col.) ;c21 cm. aIncludes bibliographical references. aIncludes index. 0aDiabetics. 0aSelf-care, Health. 0aDiabetesxTreatment.1 aHill, Ronald D.1 aKirby, Michael.20230120203839.0 cNUST